Russian federal subjects starting with K - Statistics

General Stats
  • This quiz has been taken 48 times
    12 since last reset
  • The average score is 12 of 18
Answer Stats
Answer % Correct
8 Khabarovsk
92%
4 Khakassia
83%
15 Kurgan
83%
10 Kaluga
75%
3 Karelia
75%
7 Krasnoyarsk
75%
16 Kursk
75%
9 Kaliningrad
67%
1 Kalmykia
67%
11 Kamchatka
67%
12 Kemerovo
67%
5 Komi
67%
14 Kostroma
67%
6 Krasnodar
67%
2 Karachay-Cherkessia
58%
18 Kabardino-Balkaria
50%
13 Kirov
50%
17 Khanty-Mansi
17%
No matching quizzes found
Score Distribution
Percent of People with Each Score
Percentile by Number Answered
Your Score History
You have not taken this quiz since the last reset